Statystyki dla 10 - Sport: część 1/4

Kliknij tutaj aby rozwiązać quiz!

Ogólne statystyki

  • Ten quiz został rozwiązany 22 razy
  • Średni wynik to 21 z 53

Statystyki odpowiedzi

HintOdpowiedź% Poprawnych
golfgolf
86%
piłka nożnafootball
82%
Koszykówkabasketball
77%
rugbyrugby
77%
joggingjogging
73%
surfingsurfing
73%
pływanieswimming
73%
Siatkówkavolleyball
68%
bejsbolbaseball
64%
hokejhockey
64%
piłkarzfootballer
59%
windsurfingwindsurfing
59%
kibicfan
55%
bokserboxer
50%
boksboxing
50%
kapitancaptain
50%
mistrzchampion
50%
trenercoach
50%
kolarstwocycling
50%
bramkarzgoalkeeper
50%
przeciwnikopponent
45%
sędziareferee
45%
narciarstwoskiing
45%
gimnastykgymnast
41%
krykietcricket
36%
sztuki walkimartial arts
36%
pływakswimmer
36%
lekkoatletykaathletics
32%
komentatorcommentator
32%
nurekdiver
32%
nurkowaniediving
32%
gimnastykagymnastics
32%
skoki na bungeebungee jumping
27%
rowerzystacyclist
27%
łyżwiarstwoskating
27%
Łyżwiarstwoice skating
23%
żeglarstwosailing
23%
łyżwiarzskater
23%
piłka wodnawater polo
23%
podnoszenie ciężarówweightlifting
23%
aerobikaerobics
18%
zapasywrestling
18%
szermierkafencing
14%
ludzie w sporciepeople in sports
14%
jazda na rolkachrollerblading
14%
widzspectator
14%
dyscypliny sportowesport disciplines
14%
kibicsupporter
14%
wyścigi samochodowemotor racing
9%
spadochroniarstwoskydiving
9%
nurkowanie z rurkąsnorkelling
9%
żeglujący na desce wodnejwindsurfer
9%
sędzia (tenis)umpire
5%

Rozkład punktacji

Percentyl według liczby udzielonych odpowiedzi

Procent ludzi z każdym wynikiem

Twoja historia wyników

Nie rozwiązałeś tego quizu